Loading...

Wheel of law India's secularism in comparative constitutional context /

Bibliographic Details
Main Author: Jacobsohn, Gary Jeffrey
Language:Undetermined
Published: Oxford : Oxford University Press , 2003.
Subjects:
LEADER 00602nam a2200169Ia 4500
001 136983
008 170722s9999 xx 000 0 und d
020 |a 0195667247 
100 |a Jacobsohn, Gary Jeffrey 
245 |a Wheel of law  |b India's secularism in comparative constitutional context / 
260 |a Oxford :  |b Oxford University Press ,  |c 2003. 
300 |a p.xvi+324  |c 23cms 
653 |a Secularism 
923 |d 20031112  |n WCD1512 
942 |c GEN 
999 |c 127707  |d 127707 
952 |0 0  |1 0  |4 0  |6 V_23Q_P3  |7 0  |9 180612  |a LIB  |b LIB  |d 2013-03-25  |e Modern Book Centre  |o V2:3(Q) P3  |p 251365  |r 2017-08-12  |v 695.00  |w 2017-08-12  |y GEN